South Eastern Kenya University

Library Online Public Access Catalogue


Microelectronic circuits/ (Record no. 634)

MARC details
000 -LEADER
fixed length control field 00490nam a22001457a 4500
020 ## - ISBN
International Standard Book Number 9788131503133
050 ## - LIBRARY OF CONGRESS CALL NUMBER
Classification Number TK7800
Item Number .R36 1999.
100 ## - MAIN ENTRY--Author
Personal name Rashid, H. Muhammad.
245 ## - TITLE
Title Microelectronic circuits/
Remainder of title analysis and design.
Statement of responsibility, etc Muhammed H. Rashid.
260 ## - PUBLICATION, DISTRIBUTION, ETC.(IMPRINT)
Place of publication, distribution, etc India;
Name of publisher, distributor, etc Cengage,
Date of publication, distribution, etc 1999.
300 ## - PHYSICAL DESCRIPTION
Extent xvi,990p:
500 ## - GENERALNOTE
General note includes table of contents, Appendix ABCD, Answers to selected problems, Index.
650 ## - SUBJECT--TOPIC
Form subdivision Microelectronics circuits----, Analysis and design.
942 ## - ADDED ENTRY ELEMENTS(KOHA)
Koha item type General circulation
Holdings
Source of classification or shelving scheme Not for loan Location (home branch) Sublocation (holding branch) Date accessioned Cost, normal purchase price Full call number Barcode Cost, replacement price Koha item type Public note
Library of Congress Classification   Main Campus Library Main Campus Library 11/08/2014 1786.11 TK 7800 .R36 1999. 2017/020823 2286.00 General circulation GM
Library of Congress Classification   Main Campus Library Main Campus Library 11/08/2014 1786.11 TK 7800 .R36 1999. 2017/020822 2286.00 General circulation GM
Kitui, Kenya.
+254736116989
library@seku.ac.ke